| 000 | 01165cam a2200325 a 4500 | ||
|---|---|---|---|
| 003 | CHAP | ||
| 005 | 20220817043545.0 | ||
| 008 | 990622d1994 mx r 00110 spa d | ||
| 010 | _a78388 | ||
| 011 | _a79360 | ||
| 020 | _a9706204652 | ||
| 035 | _a89582 | ||
| 040 | _cCHAP | ||
| 082 | 0 | 4 |
_a378.72 _bG5 |
| 100 | 0 | 0 |
_aGil Antón, Manuel. _947920 |
| 245 | 1 | 4 |
_aLos rasgos de la diversidad : _bun estudio sobre los académicos mexicanos _c/por Manuel Gil Antón |
| 260 |
_aMéxico, D.F. : _bUniversidad Autónoma Metropolitana. Unidad Azcapotzalco. División de Ciencias Sociales y Humanidades, _c1994. |
||
| 300 |
_a294 p. : _bcuadros |
||
| 590 |
_aBATCH-UPD _b10 _c20130110 _lUCH01 _h1918 |
||
| 590 |
_aBATCH-UPD _b10 _c20130410 _lUCH01 _h1244 |
||
| 590 |
_aBATCH-UPD _b10 _c20130914 _lUCH01 _h1246 |
||
| 590 |
_aCONVERSION _b10 _c20130109 _lUCH01 _h1343 |
||
| 650 | 1 | 4 | _aEducación superior. |
| 650 | 1 | 4 |
_aMaestros _xFormación de. _969756 |
| 901 | _aBK | ||
| 905 | _aBlanca M. García O. | ||
| 942 | _cLIBRO | ||
| 949 |
_a378.72 G5 _bBC _cLIBRO _d33724000726725 _eLIBRO _h95785 _i89582 _sb |
||
| 949 |
_a378.72 G5 _bBC _cLIBRO _d33724000728317 _eLIBRO _fc.2 _h95688 _i89582 _sb |
||
| 999 |
_c78388 _d78388 |
||